|
|
|
|
| LEADER |
00000nab a2200000 a 4500 |
| 001 |
vtls000572876 |
| 003 |
SK-MaSNL |
| 005 |
20260305021418.0 |
| 008 |
140416c1996 xo 0 slo |
| 015 |
|
|
|a SNBRB19rr/mm-uuuuu
|
| 035 |
|
|
|a CL0573014
|
| 040 |
|
|
|a SNKBUCL
|b slo
|c SNKBUCL
|e AACR2
|
| 041 |
0 |
|
|a slo
|
| 044 |
|
|
|a xo
|c SK
|
| 080 |
|
|
|a 792.5
|2 1981
|
| 100 |
1 |
|
|a Fiala, Leopold,
|d 1921-1996
|4 aut
|9 160379
|
| 245 |
1 |
0 |
|a Gýč, ale krásny
|b Muzikál Kráska a zviera prvý raz v Európe
|c Leopold Fiala
|
| 300 |
|
|
|b Fotogr. 1
|
| 500 |
|
|
|a Réžia Alexander Walchter a Robert Jess Roth. Spoluproducentom viedenskej inscenácie je Spoločnosť Walta Disneya
|
| 650 |
0 |
7 |
|a Kráska a zviera (muzikál)
|2 snkbucl
|9 1597948
|
| 650 |
0 |
7 |
|a Vereinigte Bühnen Wien
|2 snkbucl
|9 1597949
|
| 650 |
0 |
7 |
|a Raimund Theater, Wien
|2 snkbucl
|9 1597950
|
| 655 |
|
7 |
|a články z novín a časopisov
|2 snkbucl
|9 267496
|
| 700 |
1 |
|
|a Roth, Robert Jess
|4 aut
|9 1597951
|
| 700 |
1 |
|
|a Walchter, Alexander
|4 aut
|9 1597952
|
| 773 |
0 |
|
|t Javisko
|g Roč. 28, č. 1 (1996), s. 25
|
| 850 |
|
|
|a Slovenská národná knižnica v Martine
|a MTA001
|
| 852 |
|
|
|a SNK
|b KIS3GCP
|
| 958 |
|
|
|a RK
|
| 958 |
|
|
|a AT
|
| 992 |
|
|
|a RBX
|
| 999 |
|
|
|c 3285776
|d 3287706
|